| 000 | 01034nam a22002897a 4500 | ||
|---|---|---|---|
| 003 | EG-ScBUE | ||
| 005 | 20250203102953.0 | ||
| 008 | 210923s2024 ua f 000 f ara d | ||
| 017 | _a2016/14020 | ||
| 020 | _a9789777950695 | ||
| 040 |
_aEG-ScBUE _bara _erda _cEG-ScBUE _dEG-ScBUE |
||
| 082 | 0 | 4 |
_a892.746 _bع ش م _222 |
| 100 | 1 |
_aالعشماوي، أشرف، _eمؤلف. |
|
| 245 | 1 | 0 |
_aتذكرة وحيدة للقاهرة : _bرواية / _cأشرف العشماوي. |
| 250 | _aالطبعة الحادية والعشرون. | ||
| 264 | 1 |
_aالقاهرة : _bالدار المصرية اللبنانية، _c2024. |
|
| 300 |
_a471 صفحة ؛ _c21 سم |
||
| 336 |
_2rdacontent _aنص _btxt |
||
| 337 |
_2rdamedia _aبدون وسيط _bn |
||
| 338 |
_2rdacarrier _aمجلد _bnc |
||
| 541 | _aBook Fair 2025. | ||
| 650 | 7 |
_aالقصص العربية _yقرن 21. _2BUEsh |
|
| 650 | 7 |
_aالأدب العربي _yقرن 21. _vBUEsh |
|
| 653 |
_aBUEsh _bARALIT _cFebruary2025 |
||
| 655 | 7 |
_2BUEsh _vReading book |
|
| 942 | _2ddc | ||
| 999 |
_c30860 _d30831 |
||